000 00616cam a22002053a 4500
001 39249
003 PGUSA
005 20140828083855.0
008 120324s2012||||xxu|||||s|||||000 | eng d
040 _aPGUSA
_beng
042 _adc
100 1 _aBeaumont, Francis,
_d1584-1616
245 1 0 _aBeaumont and Fletcher's Works (3 of 10) :
_bThe Loyal Subject
_h[electronic resource] /
_cFrancis Beaumont
260 _bProject Gutenberg,
_c2012
506 _aPublic domain in the USA.
516 _aElectronic text
830 0 _aProject Gutenberg
_v39249
856 4 0 _uhttp://www.gutenberg.org/ebooks/39249
942 _cEB
999 _c268502
_d268502